| 000 | 00950cam a2200277 a 4500 | ||
|---|---|---|---|
| 005 | 20260322212018.0 | ||
| 008 | data | ||
| 010 | _a 96033534 | ||
| 020 | _a0060927828 | ||
| 020 | _a9780060927820 | ||
| 040 |
_aDLC _cDLC _dDLC |
||
| 050 | 0 | 0 |
_aRC537 _b.P36 1997 |
| 082 | 0 | 0 |
_a616.85/27 _220 |
| 099 | _a616.85 p198 1997 | ||
| 100 | 1 | _aPapolos, Demitri F. | |
| 245 | 1 | 0 |
_aOvercoming depression / _cDemitri F. Papolos & Janice Papolos. |
| 250 | _a3rd ed., [completely rev. and updated]. | ||
| 260 |
_aNew York, N.Y. : _bHaperPerennial, _cc1997. |
||
| 300 |
_axvi, 413 p. : _bill. ; _c21 cm. |
||
| 504 | _aIncludes bibliographical references (p. 373-394) and index. | ||
| 650 | 0 |
_aDepression, Mental _xPopular works. |
|
| 650 | 0 |
_aManic-depressive illness _xPopular works. |
|
| 700 | 1 | _aPapolos, Janice. | |
| 856 | 4 | 2 |
_3Publisher description _uhttp://www.loc.gov/catdir/description/hc044/96033534.html |
| 001 | data | ||
| 999 |
_c402 _d402 |
||